A short history of the chief campaigns in Europe since 1792, (Record no. 553390)
[ view plain ]
| 000 -LEADER | |
|---|---|
| fixed length control field | 00670cam a2200169 4500 |
| 082 ## - DEWEY DECIMAL CLASSIFICATION NUMBER | |
| Classification number | 940.27 |
| Author Mark | HOR |
| 100 1# - MAIN ENTRY--PERSONAL NAME | |
| Personal name | Horsetzky, Adolf von, |
| 9 (RLIN) | 50637 |
| 245 02 - TITLE STATEMENT | |
| Title | A short history of the chief campaigns in Europe since 1792, |
| Statement of responsibility, etc. | by General A. von Horsetzky, tr. by Lieut. K. B. Ferguson. |
| 260 ## - PUBLICATION, DISTRIBUTION, ETC. | |
| Place of publication, distribution, etc. | London, |
| Name of publisher, distributor, etc. | J. Murray, |
| Date of publication, distribution, etc. | 1909. |
| 300 ## - PHYSICAL DESCRIPTION | |
| Extent | xiii, 501 p. |
| Other physical details | maps (part fold.) |
| Dimensions | 23 cm. |
| 500 ## - GENERAL NOTE | |
| General note | Includes index. |
| 500 ## - GENERAL NOTE | |
| General note | Translation of Kriegsgeschichtliche Übersicht der wichtigsten Feldzüge seit 1792. |
| 526 ## - STUDY PROGRAM INFORMATION NOTE | |
| Program name | 0 |
| Interest level | 0 |
| Reading level | 0 |
| Title point value | 940_270000000000000_HOR |
| 650 #0 - SUBJECT ADDED ENTRY--TOPICAL TERM | |
| Topical term or geographic name entry element | Military history, Modern. |
| 9 (RLIN) | 36714 |
| 700 1# - ADDED ENTRY--PERSONAL NAME | |
| Personal name | Ferguson, Kenneth Bethune, |
| 9 (RLIN) | 50638 |
| 942 ## - ADDED ENTRY ELEMENTS (KOHA) | |
| Source of classification or shelving scheme | |
| Koha item type | Book |
| Withdrawn status | Lost status | Source of classification or shelving scheme | Damaged status | Not for loan | Permanent Location | Current Location | Shelving location | Date acquired | Total Checkouts | Full call number | Barcode | Date last seen | Price effective from | Koha item type |
|---|---|---|---|---|---|---|---|---|---|---|---|---|---|---|
| Military College of Engineering (MCE) | Military College of Engineering (MCE) | 02/09/2015 | 940.27 HOR | MCE-ECH/116 | 02/09/2015 | 02/09/2015 | Book |
